| 000 | 01054nam a2200277 i 4500 | ||
|---|---|---|---|
| 001 | 184230 | ||
| 003 | ES-MaACL | ||
| 005 | 20230906222123.0 | ||
| 008 | 150522s1973 sp ao e |||| | spa d | ||
| 020 | _a84-7017-380-4 | ||
| 080 | _a7:069(421.2 L.) British Museum | ||
| 245 | 0 | 0 |
_aMuseo Británico _b: Londres / _c[presentación de Frank Francis ; introducción de Frederick S. Leigh-Browne ; textos de Antonino Caleca... [et al.] ; traducción de Máximo Cortini]. |
| 246 | 3 | 4 | _aEnciclopedia de los museos |
| 260 |
_aBarcelona : _bArgos, _c[1973] |
||
| 300 |
_a172 p. : _bil. col., fot. ; _c29 cm. |
||
| 490 | 1 |
_aEnciclopedia de los museos ; _v10 |
|
| 500 | _aÍndices. | ||
| 504 | _aBibliografía: p. 168. | ||
| 610 | 2 | 4 |
_aBritish Museum. _9137886 |
| 700 | 1 |
_aCaleca, Antonino. _9156888 |
|
| 700 | 1 |
_aCortini, Máximo. _940954 |
|
| 830 | 0 |
_aEnciclopedia de los museos ; _v10 _9192084 |
|
| 852 |
_aES-MaACL _jE-15640 _z- enc. guaflex |
||
| 852 |
_aES-MaACL _jL-30415 _z- enc. guaflex _z. - Donat. Miguel A. Velasco |
||
| 999 |
_c184230 _d184230 |
||